[Event "Rhein Main op-B 16th"]
[Site "Bad Homburg"]
[Date "2013.06.02"]
[Round "7"]
[White "Waeltermann, Sebastian"]
[Black "Kitzler, Gerhard"]
[Result "1/2-1/2"]
[WhiteElo "958"]
[BlackElo "1215"]
[PlyCount "81"]
[EventDate "2013.05.29"]
[EventType "swiss"]
[EventRounds "7"]
[EventCountry "GER"]
[SourceTitle "EXT 2014"]
[Source "ChessBase"]
[SourceDate "2013.11.20"]
[SourceVersion "1"]
[SourceVersionDate "2013.11.20"]
[SourceQuality "1"]

1. e4 e6 2. Nc3 d5 3. Bd3 d4 4. Nce2 e5 5. Nf3 Qd6 6. c3 c5 7. h3 Nc6 8. a3 Nge7 9. b4 b6 10. Bc4 Be6 11. Qb3 Bxc4 12. Qxc4 h6 13. 0-0 Ng6 14. Ng3 Nce7 15. Qb5+ Qc6 16. Qxc6+ Nxc6 17. Rd1 Rd8 18. Bb2 d3 19. c4 Bd6 20. Nf5 Bc7 21. Nxg7+ Ke7 22. Nf5+ Ke6 23. Ne3 Rhg8 24. Ne1 Nf4 25. Rac1 Nxh3+ 26. Kf1 Nf4 27. Rc3 cxb4 28. axb4 Nxb4 29. Ra3 Bb8 30. Rb3 Nc2 31. N3xc2 dxc2 32. Nxc2 Rxg2 33. Ne1 Rh2 34. Rg3 Rh1+ 35. Rg1 Rxg1+ 36. Kxg1 Rg8+ 37. Kf1 Nh3 38. Nf3 Nf4 39. Ne1 Rd8 40. d3 f6 41. Bc1 1/2-1/2

[Event "Rhein Main op-B 16th"]
[Site "Bad Homburg"]
[Date "2013.05.29"]
[Round "1"]
[White "Waeltermann, Sebastian"]
[Black "Lopez, Victor"]
[Result "0-1"]
[WhiteElo "958"]
[BlackElo "1715"]
[PlyCount "86"]
[EventDate "2013.05.29"]
[EventType "swiss"]
[EventRounds "7"]
[EventCountry "GER"]
[SourceTitle "EXT 2014"]
[Source "ChessBase"]
[SourceDate "2013.11.20"]
[SourceVersion "1"]
[SourceVersionDate "2013.11.20"]
[SourceQuality "1"]

1. e4 e5 2. Nf3 d6 3. Bc4 Be7 4. d4 exd4 5. Qxd4 Nf6 6. Nc3 Nc6 7. Qe3 0-0 8. e5 dxe5 9. Nxe5 Nxe5 10. Qxe5 Bd6 11. Qd4 Re8+ 12. Ne2 Bb4+ 13. Kd1 c5 14. Qxd8 Rxd8+ 15. Bd3 c4 16. Bd2 cxd3 17. Bxb4 dxe2+ 18. Kxe2 Re8+ 19. Kf3 b6 20. Rhe1 Bb7+ 21. Kg3 h6 22. Rxe8+ Rxe8 23. Re1 Rxe1 24. Bxe1 Kf8 25. c3 Ke7 26. f3 Ke6 27. Kf4 b5 28. Bf2 a6 29. Ke3 Kd5 30. Kd3 g6 31. Be3 h5 32. h3 Nd7 33. g4 hxg4 34. fxg4 Ne5+ 35. Ke2 Bc8 36. a3 Ke4 37. Bf2 Nc4 38. b4 Nxa3 39. Bd4 Be6 40. Kf2 Kd3 41. Kf3 Nb1 42. Kf4 Nxc3 43. Bxc3 Kxc3 0-1